UBT Library

Emotional disorders of mentally retarded persons : (Record no. 42104)

000 -LEADER
fixed length control field 00701pam a2200241 i 4500
001 - CONTROL NUMBER
control field 1353845
005 - DATE AND TIME OF LATEST TRANSACTION
control field 20180208043422.0
008 - FIXED-LENGTH DATA ELEMENTS--GENERAL INFORMATION
fixed length control field 800130s1980 mdu b 001 0 eng
010 ## - LIBRARY OF CONGRESS CONTROL NUMBER
LC control number 80010714
020 ## - INTERNATIONAL STANDARD BOOK NUMBER
Cancelled/invalid ISBN 0839115806
020 ## - INTERNATIONAL STANDARD BOOK NUMBER
International Standard Book Number 0839115148
040 ## - CATALOGING SOURCE
Original cataloging agency DLC
Transcribing agency DLC
Modifying agency DLC
041 ## - LANGUAGE CODE
Language code of text/sound track or separate title eng
060 ## - NATIONAL LIBRARY OF MEDICINE CALL NUMBER
Classification number WM300 M548
080 ## - UNIVERSAL DECIMAL CLASSIFICATION NUMBER
Universal Decimal Classification number 616.85
082 00 - DEWEY DECIMAL CLASSIFICATION NUMBER
Classification number 616.85 SZY
100 ## - Rafti
Rafti 7
101 ## - Shkurtesa
Shkurtesa NEU
245 00 - TITLE STATEMENT
Title Emotional disorders of mentally retarded persons :
Statement of responsibility, etc edited by Ludwik S. Szymanski and Peter E. Tanguay.
504 ## - BIBLIOGRAPHY, ETC. NOTE
Bibliography, etc Includes bibliographies and index.
906 ## - LOCAL DATA ELEMENT F, LDF (RLIN)
a 7
b cbc
c orignew
d 1
e ocip
f 19
g y-gencatlg
942 ## - ADDED ENTRY ELEMENTS (KOHA)
Source of classification or shelving scheme
Item type Books
Holdings
Withdrawn status Lost status Source of classification or shelving scheme Damaged status Not for loan Collection code Permanent location Current location Shelving location Date acquired Total Checkouts Full call number Barcode Date last seen Price effective from Koha item type
          Koleksioni i përgjithshem UBT - Lipjan UBT - Lipjan Koleksioni i përgjithshem 02/08/2018   616.85 SZY 002-2998631 02/08/2018 02/08/2018 Books
UBT Library © 2015-2024. All rights reserved University Education for Business and Technology